000
00258nam a2200109Ia 4500
008
190216s9999||||xx |||||||||||||| ||und||
100
_a
Vasudevan Nair M T
245
0
_a
Olavum Theeravum
260
_b
Poorna Pubs Kozhikode
650
_a
Kathakal
942
_c
BK
999
_c
26629
_d
26629